Sonetos del buen amor / (Record no. 116827)

MARC details
000 -LEADER
campo de control de longitud fija 00496nam a2200169 i 4500
001 - NÚMERO DE CONTROL
campo de control 116827
003 - IDENTIFICADOR DE NÚMERO DE CONTROL
campo de control ES-MaACL
005 - FECHA Y HORA DE LA ÚLTIMA TRANSACCIÓN
campo de control 20251116063100.0
007 - CAMPO FIJO DE DESCRIPCIÓN FÍSICA--INFORMACIÓN GENERAL
campo de control de longitud fija t|
008 - DATOS DE LONGITUD FIJA--INFORMACIÓN GENERAL
campo de control de longitud fija 061121s1953 sp r ||||1| spa d
100 1# - ENTRADA PRINCIPAL--NOMBRE DE PERSONA
Nombre de persona Penagos, Rafael de,
Fechas asociadas al nombre 1924-2010
9 (RLIN) 90147
245 10 - MENCIÓN DEL TÍTULO
Título Sonetos del buen amor /
Mención de responsabilidad, etc. Rafael de Penagos.
260 ## - PUBLICACIÓN, DISTRIBUCIÓN, ETC.
Lugar de publicación, distribución, etc. Madrid :
Nombre del editor, distribuidor, etc. [s.n.],
Fecha de publicación, distribución, etc. 1953 (
Fabricante Artes Gráficas Estades)
300 ## - DESCRIPCIÓN FÍSICA
Extensión 144 p. ;
Dimensiones 21 cm.
852 ## - LOCALIZACIÓN
Ubicación ES-MaACL
Número de control de estantería C-5755
Sublocalización o colección R.34531
Holdings
Estatus retirado Estado de pérdida Estado de daño No para préstamo Biblioteca de origen Biblioteca actual Ubicación en estantería Fecha de adquisición Fuente de adquisición Total de préstamos Signatura topográfica completa Código de barras Visto por última vez Precio de reemplazo Tipo de ítem Koha
        Biblioteca del Ateneo de Madrid Biblioteca del Ateneo de Madrid Sala Palomar 17/01/2008     C-5755 1121814 23/02/2023 23/02/2023 Libro impreso